| 000 | 00682nam a2200253Ia 4500 | ||
|---|---|---|---|
| 003 | OSt | ||
| 005 | 20221007110323.0 | ||
| 006 | a|||||r|||| 00| 0 | ||
| 007 | ta | ||
| 008 | 221006b |||||||| |||| 00| 0 eng d | ||
| 020 | _a0198253249 | ||
| 024 | _a20,879 | ||
| 037 | _cTextual | ||
| 040 |
_aLCO _cLCO _beng |
||
| 041 |
_2eng _aeng |
||
| 082 | _aZ1, L8 | ||
| 100 |
_aFisher Roger _9120003 |
||
| 245 | 0 |
_aPoints of Choice _b International Crises and the Role of Law |
|
| 260 |
_aLondon _bOxford University Press UK _c1978 |
||
| 300 | _a89 | ||
| 650 |
_aPOINTS OF CHOICE _9707373 |
||
| 942 |
_hZ1, L8 _cTEXL |
||
| 999 |
_c1190442 _d1190442 |
||